[Event "Kandidatklassen 1996"]
[Site "Randers"]
[Date "1996.04.08"]
[Round "7"]
[White "Pilgaard, Kim"]
[Black "Matthiesen, Arne"]
[Result "1-0"]
[WhiteElo "2339"]
[BlackElo "2204"]
[PlyCount "51"]
[EventDate "1996.??.??"]

1. e4 e6 2. d4 d5 3. Nd2 c5 4. exd5 Qxd5 5. Ngf3 cxd4 6. Bc4 Qd6 7. O-O Nf6 8.
Nb3 Nc6 9. Nbxd4 Nxd4 10. Nxd4 a6 11. Re1 Qc7 12. Bb3 Bd6 13. Nf5 Bxh2+ 14. Kh1
O-O 15. Nxg7 Rd8 16. Qf3 Kxg7 17. Bh6+ Kg6 18. c3 e5 19. Bc2+ e4 20. Rxe4 Nxe4
21. Qxe4+ f5 22. Qe3 Be5 23. Qg5+ Kf7 24. Bb3+ Ke8 25. Qg8+ Ke7 26. Bg5+ 1-0

[Event "Kandidatklassen 1996"]
[Site "Randers"]
[Date "1996.04.08"]
[Round "7"]
[White "Rewitz, Poul"]
[Black "Rasmussen, Peter"]
[Result "1-0"]
[WhiteElo "2293"]
[BlackElo "2285"]
[PlyCount "81"]
[EventDate "1996.??.??"]

1. e4 c5 2. b4 cxb4 3. a3 d5 4. exd5 Nf6 5. axb4 Nxd5 6. b5 Bf5 7. Nf3 e6 8.
Bb2 Nd7 9. Be2 Nf4 10. O-O Bd6 11. Re1 Nxe2+ 12. Qxe2 O-O 13. Nd4 Qh4 14. g3
Qg4 15. Nxf5 Qxf5 16. Na3 Rac8 17. Nc4 Bb8 18. Ne3 Qg6 19. Ra4 e5 20. Qf3 f5
21. Qxb7 Nb6 22. Ra6 Rc7 23. Qg2 f4 24. Nd5 f3 25. Qf1 Qxc2 26. Nxc7 Qxb2 27.
Ne6 Re8 28. Ng5 Qb3 29. Re3 Qd5 30. Nxf3 Rf8 31. Ng5 e4 32. Nxe4 Nc4 33. Rc3
Ne5 34. Qe2 Qd4 35. Re6 Qd5 36. Re7 Ng6 37. Rc5 Qb3 38. Rb7 Qb1+ 39. Kg2 Ne5
40. Ng5 Qb4 41. d4 1-0

[Event "Kandidatklassen 1996"]
[Site "Randers"]
[Date "1996.04.08"]
[Round "7"]
[White "Thuesen, Mogens Henrik"]
[Black "Pedersen, Nicolai Vesterbaek"]
[Result "1/2-1/2"]
[WhiteElo "2230"]
[BlackElo "2275"]
[PlyCount "85"]
[EventDate "1996.??.??"]

1. d4 Nf6 2. Bg5 e6 3. Nf3 h6 4. Bxf6 Qxf6 5. e4 d6 6. Nc3 g5 7. Bb5+ c6 8. Ba4
Nd7 9. Qd3 Bg7 10. O-O g4 11. e5 Qg6 12. Ne4 O-O 13. Nh4 Qh5 14. g3 dxe5 15. c3
exd4 16. cxd4 Rd8 17. Bc2 Nf8 18. f3 Rxd4 19. fxg4 Rxd3 20. gxh5 Rd5 21. Nf6+
Bxf6 22. Rxf6 Bd7 23. Raf1 Be8 24. Ng6 Rxh5 25. Nxf8 Kxf8 26. Rxe6 Rd8 27. Bb3
Rg5 28. Rxh6 Kg7 29. Rhf6 Rd7 30. Kg2 Rd2+ 31. Kh3 Bd7+ 32. g4 Rd3+ 33. Kg2
Rxg4+ 34. Kh1 Be6 35. Bxe6 fxe6 36. Rxe6 Rd7 37. Rfe1 Kf7 38. h3 Rg3 39. Kh2
Rgd3 40. R6e2 R3d4 41. Rf1+ Kg7 42. Rg2+ Kh7 43. Rf5 1/2-1/2